000
00265nam a2200097Ia 4500
008
241105s9999 xx 000 0 und d
041
_a
eng
100
_a
Dhakkan Priyanka
_9
182690
245
_a
Kindergarten And Day Care Centre
260
_b
Fourth Year CAID, Pune
_c
2014
999
_c
360981
_d
360981